|
|
|
|
| LEADER |
00000nab a2200000 a 4500 |
| 001 |
vtls000648507 |
| 003 |
SK-MaSNL |
| 005 |
20260302183308.0 |
| 008 |
140422c1998 xo 0 slo |
| 015 |
|
|
|a SNBRA1998/01-01469
|
| 035 |
|
|
|a CLN000000703
|
| 040 |
|
|
|a SNKBUCL
|b slo
|c SNKBUCL
|e AACR2
|
| 041 |
0 |
|
|a slo
|
| 044 |
|
|
|a xo
|c SK
|
| 080 |
|
|
|a 82.09:885.4-9(048)
|2 1997
|
| 080 |
|
|
|a 885.4-9(048)
|2 1997
|
| 100 |
1 |
|
|a Barica, Ján,
|d 1928-2005
|4 aut
|9 124168
|
| 245 |
1 |
0 |
|a Keď je reportérom intelektuál
|c Ján Barica
|
| 300 |
|
|
|b Fotogr.
|
| 650 |
0 |
7 |
|a črty slovenské
|x recenzie
|2 snkbucl
|9 896681
|
| 650 |
0 |
7 |
|a reportáže slovenské
|x recenzie
|2 snkbucl
|9 894474
|
| 655 |
|
7 |
|a články z novín a časopisov
|2 snkbucl
|2 snkbucl
|9 267496
|
| 773 |
0 |
|
|t Literárny týždenník
|g Roč. 11, č. 2 (1998), s. 6
|x 0862-5999
|
| 787 |
0 |
8 |
|i Rec.:
|a Čomaj, Ján
|t Kruté osudy
|d Bratislava : Vydavateľstvo Spolku slovenských spisovateľov, 1997
|
| 850 |
|
|
|a Slovenská národná knižnica v Martine
|
| 852 |
|
|
|a SNK
|b KIS3GCP
|
| 958 |
|
|
|a LX
|
| 958 |
|
|
|a SK
|
| 992 |
|
|
|a RBX
|
| 999 |
|
|
|c 1421189
|d 1423119
|